000 00659nam a2200241Ia 4500
003 OSt
005 20221006155835.0
006 a|||||r|||| 00| 0
007 ta
008 221006b |||||||| |||| 00| 0 eng d
024 _a43,649
037 _cSeries Articles
040 _aEASL
_cEASL
_beng
041 _2eng
_aeng
100 _aHe Qiliang
_9670573
245 0 _aAccomodation and resistancee
_bPingtan storytelling in 1960s shanghai
260 _aCambridge
_bCambridge University Press UK
_c2014
300 _a524-550
_ccm.
490 _v48
650 _aAsian Studies
942 _cREF
_2CC
999 _c1111735
_d1111735